Henny Penny Award Young Readers (Record no. 593644)
[ view plain ]
| 000 -LEADER | |
|---|---|
| fixed length control field | 00346nam a22001337a 4500 |
| 020 ## - INTERNATIONAL STANDARD BOOK NUMBER | |
| International Standard Book Number | 9781841351940 |
| 040 ## - CATALOGING SOURCE | |
| Transcribing agency | NUST |
| 082 ## - DEWEY DECIMAL CLASSIFICATION NUMBER | |
| Classification number | 823-CH HEN |
| 100 ## - MAIN ENTRY--PERSONAL NAME | |
| Personal name | Andrews,Jackie |
| 9 (RLIN) | 110185 |
| 245 ## - TITLE STATEMENT | |
| Title | Henny Penny Award Young Readers |
| 260 ## - PUBLICATION, DISTRIBUTION, ETC. | |
| Place of publication, distribution, etc. | Nottinghamshire: |
| Name of publisher, distributor, etc. | Award Publications Limited |
| Date of publication, distribution, etc. | 2013. |
| 650 ## - SUBJECT ADDED ENTRY--TOPICAL TERM | |
| Topical term or geographic name entry element | English Fiction |
| 942 ## - ADDED ENTRY ELEMENTS (KOHA) | |
| Source of classification or shelving scheme | |
| Koha item type | Book |
| Withdrawn status | Lost status | Source of classification or shelving scheme | Damaged status | Not for loan | Permanent Location | Current Location | Shelving location | Date acquired | Total Checkouts | Full call number | Barcode | Date last seen | Price effective from | Koha item type |
|---|---|---|---|---|---|---|---|---|---|---|---|---|---|---|
| College of Electrical & Mechanical Engineering (CEME) | College of Electrical & Mechanical Engineering (CEME) | General Stacks | 03/13/2023 | 823-CH HEN | CEME-50520 | 03/13/2023 | 03/13/2023 | Book |
